[Event "EU-ch (Women) 24th"]
[Site "Rhodes"]
[Date "2024.04.23"]
[Round "5"]
[White "Mashchenko, Tamila"]
[Black "Kalaiyalahan, Akshaya"]
[Result "1/2-1/2"]
[WhiteElo "1970"]
[BlackElo "2148"]
[PlyCount "55"]
[EventDate "2024.04.19"]
[EventType "swiss"]
[EventRounds "10"]
[EventCountry "GRE"]
[SourceTitle "CB18_2024"]
[SourceDate "2024.05.01"]
[SourceVersion "1"]
[SourceVersionDate "2024.05.01"]
[SourceQuality "2"]

1. d4 d5 2. c4 e6 3. Nc3 Nf6 4. cxd5 exd5 5. Bg5 Be7 6. e3 0-0 7. Bd3 Re8 8. Nf3 h6 9. Bh4 c6 10. Qc2 Ne4 11. Bxe7 Qxe7 12. 0-0 Bf5 13. Rae1 Nd7 14. Nd2 Nxd2 15. Qxd2 Bxd3 16. Qxd3 Nb6 17. Rb1 a5 18. b3 Nc8 19. Rfc1 Nd6 20. Na4 Qg5 21. Nc5 Re7 22. Qe2 Nf5 23. Qf3 Rae8 24. Rf1 h5 25. b4 axb4 26. Rxb4 Nd6 27. Rfb1 Nc4 28. Qg3 1/2-1/2

[Event "Mariupol CC 50th Aniversary"]
[Site "Mariupol"]
[Date "2021.06.12"]
[Round "8"]
[White "Mashchenko, Tamila"]
[Black "Basov, Nikita"]
[Result "1-0"]
[WhiteElo "1754"]
[BlackElo "1373"]
[PlyCount "113"]
[EventDate "2021.06.08"]
[EventType "swiss"]
[EventRounds "9"]
[EventCountry "UKR"]
[SourceTitle "EXT 2023"]
[Source "ChessBase"]
[SourceDate "2022.10.05"]
[SourceVersion "1"]
[SourceVersionDate "2022.10.05"]
[SourceQuality "1"]

1. c4 Nf6 2. Nc3 d5 3. cxd5 Nxd5 4. g3 g6 5. Bg2 Nxc3 6. bxc3 Bg7 7. Nf3 0-0 8. 0-0 c5 9. Rb1 Nc6 10. c4 Qc7 11. d3 Bg4 12. Be3 b6 13. h3 Bxf3 14. Bxf3 Rad8 15. Bg2 Nd4 16. a4 e5 17. a5 f5 18. axb6 axb6 19. Bg5 Rde8 20. Bd2 f4 21. Bd5+ Kh8 22. e3 fxe3 23. Bxe3 Qd6 24. Bxd4 exd4 25. Qb3 Rb8 26. Qb5 Rf6 27. Rbe1 Rbf8 28. Re8 Rxe8 29. Qxe8+ Rf8 30. Qe4 Rd8 31. h4 b5 32. h5 gxh5 33. Kg2 bxc4 34. Bxc4 Qg6 35. Qe7 Qc6+ 36. Kg1 Re8 37. Qf7 Qg6 38. Qxg6 hxg6 39. Bf7 Re5 40. Bxg6 Rg5 41. Bf7 h4 42. Kg2 Be5 43. Rh1 Kg7 44. Rxh4 Kxf7 45. f4 Kg6 46. fxg5 Kxg5 47. Re4 Kf5 48. g4+ Ke6 49. Kf3 Kd5 50. g5 c4 51. dxc4+ Ke6 52. c5 d3 53. Rxe5+ Kxe5 54. Ke3 Kf5 55. c6 Ke6 56. g6 Kd6 57. g7 1-0

[Event "EU-Cup Online Gr-D (Women)"]
[Site "Tornelo INT"]
[Date "2020.12.19"]
[Round "2.2"]
[White "Mashchenko, Tamila"]
[Black "Hrescak, Ivana"]
[Result "1/2-1/2"]
[WhiteElo "1768"]
[BlackElo "2212"]
[PlyCount "111"]
[EventDate "2020.12.19"]
[EventType "team-tourn (rapid)"]
[EventRounds "9"]
[EventCountry "ISS"]
[SourceTitle "CBM 199 Extra"]
[Source "ChessBase"]
[SourceDate "2021.01.31"]
[SourceVersion "1"]
[SourceVersionDate "2021.01.31"]
[SourceQuality "1"]
[WhiteTeam "Dnipro (W)"]
[BlackTeam "Baden Erste Bank (W)"]
[WhiteTeamCountry "UKR"]
[BlackTeamCountry "AUT"]

1. c4 Nf6 2. Nc3 g6 3. g3 Bg7 4. Bg2 0-0 5. e4 d6 6. Nge2 c5 7. Rb1 Nc6 8. 0-0 Be6 9. d3 Rb8 10. a3 a5 11. h3 Bd7 12. Be3 Ne8 13. f4 Nd4 14. b4 axb4 15. axb4 Nxe2+ 16. Nxe2 cxb4 17. Rxb4 b5 18. Qb1 Nc7 19. cxb5 Nxb5 20. Qb3 Be6 21. Qa4 Nc3 22. Nxc3 Bxc3 23. Rxb8 Qxb8 24. Qc2 Bg7 25. g4 Qb3 26. Qxb3 Bxb3 27. Rc1 Rb8 28. Rc7 Bf8 29. Ba7 Rb5 30. Bf3 e6 31. Kf2 Ra5 32. Bd4 e5 33. fxe5 dxe5 34. Bc3 Rb5 35. Rc8 f6 36. Bd2 Be6 37. Rc6 Kf7 38. Rc7+ Be7 39. g5 f5 40. exf5 Bxf5 41. Be4 Bxh3 42. Kg3 Be6 43. Bc6 Rb3 44. Be4 Kf8 45. Be3 Bf5 46. Kf3 Rb1 47. Bc5 Bxe4+ 48. dxe4 Bxc5 49. Rxc5 Rf1+ 50. Kg2 Re1 51. Rxe5 Kf7 52. Kf2 Ra1 53. Kf3 Rf1+ 54. Kg2 Re1 55. Kf2 Ra1 56. Kf3 1/2-1/2

[Event "UKR-ch rapid (Women)"]
[Site "Kherson"]
[Date "2020.12.03"]
[Round "5"]
[White "Mashchenko, Tamila"]
[Black "Grigorchuk, Katerina"]
[Result "1/2-1/2"]
[WhiteElo "1768"]
[BlackElo "1767"]
[PlyCount "86"]
[EventDate "2020.12.03"]
[EventType "swiss (rapid)"]
[EventRounds "9"]
[EventCountry "UKR"]
[SourceTitle "EXT 2022"]
[Source "ChessBase"]
[SourceDate "2021.10.06"]
[SourceVersion "1"]
[SourceVersionDate "2021.10.06"]
[SourceQuality "1"]

1. c4 e5 2. Nc3 Nf6 3. g3 d5 4. cxd5 Nxd5 5. Bg2 Nb6 6. Nf3 Nc6 7. 0-0 Be7 8. b3 0-0 9. Bb2 f6 10. Rc1 Be6 11. d3 Rb8 12. Ne4 Nd4 13. Nxd4 exd4 14. Nc5 Bxc5 15. Rxc5 c6 16. Qa1 Nd7 17. Rc2 c5 18. Ba3 b6 19. b4 Rc8 20. Rfc1 Qe7 21. bxc5 bxc5 22. Qxd4 cxd4 23. Bxe7 Rxc2 24. Rxc2 Re8 25. Bd6 Nb6 26. f4 Bd5 27. Bxd5+ Nxd5 28. Kf2 Nc3 29. Bc5 Rc8 30. Bxa7 Ne4+ 31. dxe4 Rxc2 32. Bxd4 Rxa2 33. e5 Kf7 34. exf6 gxf6 35. Kf3 f5 36. h3 h5 37. Be5 Kg6 38. Bd4 Ra3+ 39. Kg2 Kf7 40. e3 Ke6 41. Kf3 Kd5 42. Bf6 Ra8 43. Be5 Ra3 1/2-1/2